[Event "C.to Italiano U16 femminile"]
[Site "Cortina d'Ampezzo ITA"]
[Date "2002.07.03"]
[Round "2"]
[White "Matta, Francesca"]
[Black "Gualdi, Daniela"]
[Result "1/2-1/2"]
[WhiteElo "1552"]
[BlackElo "1666"]
[PlyCount "20"]
[EventDate "2002.07.02"]

1. d4 Nf6 2. c4 g6 3. Nc3 d5 4. cxd5 Nxd5 5. e4 Nxc3 6. bxc3 c5 7. Nf3 Qa5 8.
Bd2 Bg7 9. Bc4 O-O 10. Qb3 e6 1/2-1/2

[Event "C.to Italiano U16 femminile"]
[Site "Cortina d'Ampezzo ITA"]
[Date "2002.07.03"]
[Round "2"]
[White "Monaco, Maria Grazia"]
[Black "Rossi, Laura"]
[Result "1-0"]
[WhiteElo "1422"]
[BlackElo "1500"]
[PlyCount "83"]
[EventDate "2002.07.02"]

1. d4 d5 2. c4 e6 3. Nc3 Nf6 4. Bg5 Be7 5. Nf3 O-O 6. e3 Nc6 7. Bd3 Bd7 8. O-O
Re8 9. Bc2 dxc4 10. b3 cxb3 11. axb3 Bb4 12. Qd3 g6 13. e4 e5 14. Nd5 Be7 15.
dxe5 Nxd5 16. exd5 Nb4 17. Bxe7 Qxe7 18. Qd2 Nxc2 19. Qxc2 Bf5 20. Qc3 Rad8 21.
Rxa7 Rb8 22. Rc1 Rec8 23. h3 Qd8 24. Qc4 c6 25. d6 Be6 26. Qc3 Ra8 27. Rxb7 Bd7
28. Rb4 Rab8 29. Rxb8 Rxb8 30. Nd4 Rc8 31. Nf3 Qe8 32. Ng5 h6 33. Ne4 Qe6 34.
Nf6+ Kf8 35. Nxd7+ Qxd7 36. Qe3 Re8 37. Qxh6+ Kg8 38. Re1 Re6 39. Re4 f6 40.
Rh4 Rxe5 41. Qh8+ Kf7 42. Rh7+ 1-0

[Event "C.to Italiano U16 femminile"]
[Site "Cortina d'Ampezzo ITA"]
[Date "2002.07.04"]
[Round "3"]
[White "Bianchini, Aurora"]
[Black "Liang Ting, Luisa"]
[Result "1-0"]
[WhiteElo "1552"]
[BlackElo "1500"]
[PlyCount "47"]
[EventDate "2002.07.02"]

1. d4 d5 2. c4 c6 3. cxd5 Nf6 4. dxc6 Nxc6 5. Nf3 Bf5 6. Nc3 e6 7. Bg5 Be7 8.
e3 O-O 9. a3 Rc8 10. Bb5 a6 11. Bd3 Bxd3 12. Qxd3 Nd5 13. Bxe7 Ncxe7 14. Nxd5
Qxd5 15. O-O Rc7 16. Rfc1 Rxc1+ 17. Rxc1 Rc8 18. Rxc8+ Nxc8 19. Qc3 Ne7 20. Qc7
Ng6 21. Ne5 Qa2 22. Qxf7+ Kh8 23. Qe8+ Nf8 24. Qxf8# 1-0

[Event "C.to Italiano U16 femminile"]
[Site "Cortina d'Ampezzo ITA"]
[Date "2002.07.04"]
[Round "3"]
[White "Gualdi, Daniela"]
[Black "Monaco, Maria Grazia"]
[Result "1-0"]
[WhiteElo "1666"]
[BlackElo "1422"]
[PlyCount "77"]
[EventDate "2002.07.02"]

1. d4 d5 2. Nf3 Nc6 3. c4 e6 4. Nc3 Nf6 5. Bg5 Be7 6. e3 Bd7 7. a3 a6 8. Bxf6
Bxf6 9. cxd5 exd5 10. Nxd5 Be6 11. Nxf6+ gxf6 12. g3 Bg4 13. h3 Bh5 14. g4 Bg6
15. Bd3 Bxd3 16. Qxd3 Qd5 17. e4 Qd6 18. O-O O-O-O 19. d5 Ne5 20. Nxe5 fxe5 21.
Rac1 Kb8 22. Qb3 Qg6 23. f3 Rd6 24. Qc3 Rd7 25. Qxe5 Rhd8 26. Rc3 Qb6+ 27. Rf2
f6 28. Qf4 Rd6 29. Qe3 Qb5 30. Rfc2 Rc8 31. Rb3 Qd7 32. Rb4 a5 33. Rbc4 Rb6 34.
Qc3 a4 35. Rb4 Ra6 36. Qc4 Qd6 37. Kg2 Qd7 38. Qxa6 b6 39. Rxa4 1-0

[Event "C.to Italiano U16 femminile"]
[Site "Cortina d'Ampezzo ITA"]
[Date "2002.07.04"]
[Round "3"]
[White "Matta, Francesca"]
[Black "Clappa, Ilaria"]
[Result "0-1"]
[WhiteElo "1552"]
[BlackElo "1561"]
[PlyCount "75"]
[EventDate "2002.07.02"]

1. d4 e6 2. e4 d5 3. Nc3 Bb4 4. e5 c5 5. a3 Bxc3+ 6. bxc3 Ne7 7. Nf3 Qc7 8. Bd3
Nbc6 9. Be3 Bd7 10. O-O Ng6 11. h4 O-O-O 12. h5 Nge7 13. Ng5 Rdf8 14. Nxh7 Rfg8
15. Ng5 Be8 16. Qf3 c4 17. Be2 Rf8 18. Rfb1 Nd8 19. Qh3 Nf5 20. g4 Nxe3 21.
Qxe3 f6 22. exf6 Rxf6 23. Nh3 Rff8 24. Nf4 Rxf4 25. Bf3 Rhf8 26. Kg2 Qf7 27.
Be2 Rxf2+ 28. Kg3 Qc7+ 29. Qe5 Qxe5+ 30. dxe5 Rxe2 31. Rf1 Re3+ 32. Kg2 Rxf1
33. Rxf1 Nf7 34. Rf3 Rxe5 35. Kg3 Kd7 36. Kh4 Re4 37. a4 Ne5 38. Rg3 0-1

[Event "C.to Italiano U16 femminile"]
[Site "Cortina d'Ampezzo ITA"]
[Date "2002.07.04"]
[Round "4"]
[White "Clappa, Ilaria"]
[Black "Gualdi, Daniela"]
[Result "1/2-1/2"]
[WhiteElo "1561"]
[BlackElo "1666"]
[PlyCount "41"]
[EventDate "2002.07.02"]

1. d4 Nf6 2. c4 g6 3. Nc3 d5 4. Nf3 Bg7 5. Bf4 a6 6. a4 O-O 7. e3 dxc4 8. Bxc4
c5 9. dxc5 Qxd1+ 10. Rxd1 Nfd7 11. Nd5 Nc6 12. b4 Nf6 13. Bg5 Nxd5 14. Bxd5
Nxb4 15. Bxe7 Re8 16. Bd6 Nxd5 17. Rxd5 Bd7 18. a5 Bc3+ 19. Nd2 Bxa5 20. O-O
Bc6 21. Rd4 1/2-1/2

[Event "C.to Italiano U16 femminile"]
[Site "Cortina d'Ampezzo ITA"]
[Date "2002.07.04"]
[Round "4"]
[White "Monaco, Maria Grazia"]
[Black "Bianchini, Aurora"]
[Result "0-1"]
[WhiteElo "1422"]
[BlackElo "1552"]
[PlyCount "66"]
[EventDate "2002.07.02"]

1. d4 c5 2. e4 cxd4 3. Qxd4 Nc6 4. Qd1 d6 5. Nc3 Nf6 6. Bg5 h6 7. Bh4 g5 8. Bg3
Bg7 9. Bc4 O-O 10. Nge2 Bg4 11. O-O Qb6 12. Rb1 Qc5 13. Bb5 Nxe4 14. Bxc6 Nxc3
15. bxc3 Qxc6 16. Rb4 Be6 17. Qd3 a5 18. Rb2 Bc4 19. Qe3 Bxe2 20. Qxe2 Bxc3 21.
Rb3 Bf6 22. Rfb1 Rfc8 23. Rxb7 Qxc2 24. Qxc2 Rxc2 25. a3 Rac8 26. h3 Rc1+ 27.
Rxc1 Rxc1+ 28. Kh2 Rc3 29. a4 Ra3 30. f3 Rxa4 31. Be1 Ra2 32. Ra7 a4 33. Bb4
Be5+ 0-1

[Event "C.to Italiano U16 femminile"]
[Site "Cortina d'Ampezzo ITA"]
[Date "2002.07.04"]
[Round "4"]
[White "Rossi, Laura"]
[Black "Matta, Francesca"]
[Result "0-1"]
[WhiteElo "1500"]
[BlackElo "1552"]
[PlyCount "80"]
[EventDate "2002.07.02"]

1. d4 Nf6 2. c4 g6 3. Nc3 Bg7 4. Nf3 d6 5. Bg5 O-O 6. e3 h6 7. Bh4 Bf5 8. Be2
Nbd7 9. O-O e5 10. e4 Bg4 11. Re1 exd4 12. Nxd4 Bxe2 13. Rxe2 Re8 14. Qd2 a5
15. Nf3 Nc5 16. Rae1 Ne6 17. Rd1 g5 18. Bg3 Nh5 19. e5 Nxg3 20. hxg3 dxe5 21.
Nxe5 Qxd2 22. Rdxd2 Rad8 23. Rxd8 Rxd8 24. Nd5 c6 25. Ne7+ Kf8 26. Nf5 Nd4 27.
Nxd4 Rxd4 28. b3 Bxe5 29. Rxe5 Rd1+ 30. Kh2 Rd2 31. Rxa5 Rxf2 32. Ra8+ Kg7 33.
Ra7 b5 34. cxb5 cxb5 35. a4 Ra2 36. Ra5 bxa4 37. bxa4 f5 38. Rxf5 Rxa4 39. Kh3
Kg6 40. Rf3 g4+ 0-1

[Event "C.to Italiano U16 femminile"]
[Site "Cortina d'Ampezzo ITA"]
[Date "2002.07.06"]
[Round "6"]
[White "Bianchini, Aurora"]
[Black "Matta, Francesca"]
[Result "0-1"]
[WhiteElo "1552"]
[BlackElo "1552"]
[PlyCount "70"]
[EventDate "2002.07.02"]

1. d4 Nf6 2. c4 g6 3. Nc3 Bg7 4. e4 d6 5. Nf3 O-O 6. Be2 e5 7. d5 a5 8. Bg5 Na6
9. a3 h6 10. Bh4 g5 11. Bg3 Nc5 12. Nd2 a4 13. O-O Nh7 14. Qc2 f5 15. f3 Bd7
16. Bd1 Qe8 17. Bf2 Qg6 18. Bxc5 dxc5 19. Qd3 f4 20. Nb5 Qb6 21. Nb1 Bxb5 22.
cxb5 c4+ 23. Kh1 cxd3 24. Nc3 Qd4 25. Bxa4 Rxa4 26. Nxa4 Qxa4 27. Rfd1 Qxb5 28.
Rd2 Nf6 29. Rad1 Ne8 30. b4 Nd6 31. Rxd3 Ra8 32. Rc3 Nc4 33. Rdc1 Rxa3 34. Rxa3
Nxa3 35. h3 Qb6 0-1

[Event "C.to Italiano U16 femminile"]
[Site "Cortina d'Ampezzo ITA"]
[Date "2002.07.06"]
[Round "6"]
[White "Liang Ting, Luisa"]
[Black "Gualdi, Daniela"]
[Result "1/2-1/2"]
[WhiteElo "1500"]
[BlackElo "1666"]
[PlyCount "31"]
[EventDate "2002.07.02"]

1. e4 e6 2. d4 d5 3. exd5 exd5 4. Nf3 Bg4 5. Be2 Bd6 6. Bg5 f6 7. Bh4 Ne7 8.
Bg3 O-O 9. O-O Nf5 10. Bxd6 Nxd6 11. Nbd2 Nd7 12. Re1 Re8 13. c3 c6 14. Qc2 Bf5
15. Bd3 Bxd3 16. Qxd3 1/2-1/2

[Event "C.to Italiano U16 femminile"]
[Site "Cortina d'Ampezzo ITA"]
[Date "2002.07.07"]
[Round "8"]
[White "Clappa, Ilaria"]
[Black "Monaco, Maria Grazia"]
[Result "1-0"]
[WhiteElo "1561"]
[BlackElo "1422"]
[PlyCount "73"]
[EventDate "2002.07.02"]

1. d4 d5 2. Nf3 Nc6 3. c4 Nf6 4. Nc3 Bg4 5. Ne5 Nxe5 6. dxe5 Nd7 7. Nxd5 e6 8.
Nc3 Nxe5 9. Qb3 b6 10. Bf4 Bd6 11. Rd1 Qe7 12. h3 Bh5 13. g4 Bg6 14. Bg2 Rc8
15. Qa4+ Nd7 16. Bc6 Rd8 17. Bxd6 cxd6 18. Nb5 O-O 19. Qxa7 d5 20. O-O Rfe8 21.
cxd5 e5 22. d6 Qf6 23. Bxd7 Rf8 24. Rc1 Ra8 25. Qxb6 Rfd8 26. Rc7 h6 27. Rfc1
Rab8 28. Qa5 Kh7 29. Rc8 Rbxc8 30. Rxc8 Rxd7 31. Qa8 Bb1 32. Rh8+ Kg6 33. Qg8
Kg5 34. Qc8 Rxd6 35. Qc1+ Kh4 36. Nxd6 Qxd6 37. Qxb1 1-0

[Event "III Festival A"]
[Site "San Martino di Castrozza - Siror ITA"]
[Date "2002.07.01"]
[Round "1"]
[White "Agnelli, Francesco"]
[Black "Tamburini, Lorenzo"]
[Result "0-1"]
[WhiteElo "2146"]
[BlackElo "1768"]
[PlyCount "66"]
[EventDate "2002.07.01"]

1. e4 e5 2. Nf3 Nf6 3. Nxe5 d6 4. Nf3 Nxe4 5. d4 d5 6. Bd3 Nc6 7. O-O Bg4 8.
Re1 Be7 9. c4 Nf6 10. Be3 O-O 11. Nc3 Nb4 12. Be2 dxc4 13. Bxc4 Bxf3 14. gxf3
Nfd5 15. Kh1 Nxc3 16. bxc3 Nd5 17. Rg1 c6 18. Qd3 Qd7 19. Rg2 Rfe8 20. Rag1 Bf6
21. Rxg7+ Bxg7 22. Bh6 Re1 23. Rxe1 Bxh6 24. Qe4 Kh8 25. Bd3 f6 26. Qh4 Bg5 27.
Qg3 Nf4 28. Bc4 Re8 29. Rg1 Qh3 30. a4 a5 31. Bf7 Re7 32. Qxh3 Nxh3 33. Rg3
Re1+ 0-1

[Event "III Festival A"]
[Site "San Martino di Castrozza - Siror ITA"]
[Date "2002.07.01"]
[Round "1"]
[White "Ammendolea, Massimo"]
[Black "Bondielli, Giorgio"]
[Result "0-1"]
[WhiteElo "1702"]
[BlackElo "2008"]
[PlyCount "72"]
[EventDate "2002.07.01"]

1. e4 e5 2. Nf3 Nf6 3. Nxe5 d6 4. Nf3 Nxe4 5. d4 d5 6. Bd3 Bd6 7. O-O O-O 8. c4
c6 9. Re1 Re8 10. Nc3 Nxc3 11. bxc3 Rxe1+ 12. Qxe1 Bg4 13. Ne5 Qe7 14. Bg5 Qxg5
15. Bxh7+ Kxh7 16. Nxf7 Qe7 17. Nxd6 Qxd6 18. Qb1+ Qg6 19. Qxb7 Bf3 20. g3 Qg4
21. Kf1 Qh3+ 22. Ke1 Qxh2 23. Qxa8 Qg1+ 24. Kd2 Qxa1 25. Qxb8 Qxa2+ 26. Kc1
Qxc4 27. Qb4 Qxb4 28. cxb4 Kg6 29. Kd2 Kf5 30. Ke3 Bd1 31. f3 Ba4 32. Kd3 g5
33. Ke3 g4 34. Ke2 gxf3+ 35. Kxf3 Bd1+ 36. Ke3 Bh5 0-1

[Event "III Festival A"]
[Site "San Martino di Castrozza - Siror ITA"]
[Date "2002.07.01"]
[Round "1"]
[White "Bonani, Georg"]
[Black "Kleinschroth, Roland"]
[Result "0-1"]
[WhiteElo "1788"]
[BlackElo "2158"]
[PlyCount "66"]
[EventDate "2002.07.01"]

1. e4 e5 2. f4 d5 3. exd5 c6 4. Nc3 cxd5 5. fxe5 d4 6. Ne4 Qd5 7. Qe2 Nc6 8.
Nf3 Bg4 9. d3 O-O-O 10. Bf4 Re8 11. Kf2 f6 12. h3 Bxf3 13. Qxf3 Nxe5 14. Qg3 g5
15. Bd2 h6 16. Be2 f5 17. Nxg5 hxg5 18. Qxg5 Ne7 19. Qg3 Bh6 20. Bxh6 Rxh6 21.
Bf3 Nxf3 22. Qxf3 Re6 23. Rhe1 Qxf3+ 24. Kxf3 Nd5 25. Rxe6 Rxe6 26. a3 Kd7 27.
Rc1 Ke7 28. c4 dxc3 29. bxc3 Re3+ 30. Kf2 Rxd3 31. c4 Nc3 32. c5 Ne4+ 33. Kg1
Rc3 0-1

[Event "III Festival A"]
[Site "San Martino di Castrozza - Siror ITA"]
[Date "2002.07.01"]
[Round "1"]
[White "Brignone, Roberto"]
[Black "Giuriato, Sergio"]
[Result "1-0"]
[WhiteElo "2165"]
[BlackElo "1788"]
[PlyCount "61"]
[EventDate "2002.07.01"]

1. e4 Nc6 2. Nf3 d6 3. d4 Nf6 4. Nc3 Bg4 5. Be2 e6 6. h3 Bh5 7. O-O Be7 8. Bf4
O-O 9. Qd2 d5 10. exd5 Nxd5 11. Nxd5 exd5 12. Rae1 Bg6 13. Bb5 Nb8 14. Ne5 c6
15. Nxg6 hxg6 16. Bd3 Bf6 17. Qb4 b6 18. Be5 Be7 19. Qd2 Nd7 20. Bc7 Qxc7 21.
Rxe7 Qd6 22. Rfe1 Nf6 23. Qg5 Qb4 24. Bxg6 Ne4 25. Qh5 fxg6 26. Qe5 Qxe1+ 27.
Kh2 Rf6 28. Qc7 Kh7 29. Rxg7+ Kh6 30. Rh7+ Kg5 31. Qe5+ 1-0

[Event "III Festival A"]
[Site "San Martino di Castrozza - Siror ITA"]
[Date "2002.07.01"]
[Round "1"]
[White "Cattafi, Giuseppe"]
[Black "Belotti, Bruno"]
[Result "0-1"]
[WhiteElo "1810"]
[BlackElo "2430"]
[PlyCount "76"]
[EventDate "2002.07.01"]

1. Nf3 Nf6 2. d3 c5 3. e4 Nc6 4. g3 g6 5. Bg2 Bg7 6. O-O O-O 7. Nbd2 d6 8. a4
e5 9. Nc4 Ne8 10. c3 Nc7 11. Re1 f5 12. b4 f4 13. b5 Ne7 14. Qb3 Kh8 15. Bb2
Bg4 16. Nfd2 g5 17. f3 Be6 18. g4 h5 19. h3 Ne8 20. Qc2 Ng6 21. a5 Nh4 22. Re2
Rc8 23. Nb3 Qd7 24. b6 a6 25. Nbd2 Nf6 26. Qa4 Qe7 27. Rae1 hxg4 28. hxg4 Nxg4
29. Bh3 Nh6 30. Bxe6 Qxe6 31. Rh2 Bf6 32. Ree2 g4 33. fxg4 Nxg4 34. Rh1 Rf7 35.
Rg2 Rh7 36. Nxd6 Qxd6 37. Rxg4 Qxd3 38. Qc4 Qxd2 0-1

[Event "III Festival A"]
[Site "San Martino di Castrozza - Siror ITA"]
[Date "2002.07.01"]
[Round "1"]
[White "Contin, Daniel"]
[Black "Esposito, Marco"]
[Result "1-0"]
[WhiteElo "2334"]
[BlackElo "1809"]
[PlyCount "81"]
[EventDate "2002.07.01"]

1. e4 c6 2. d4 d5 3. exd5 cxd5 4. c4 Nf6 5. Nc3 e6 6. Nf3 Bb4 7. Bd3 O-O 8. O-O
dxc4 9. Bxc4 a6 10. Bg5 b5 11. Bb3 Bb7 12. Re1 Nbd7 13. Qe2 Re8 14. Ne5 Bxc3
15. bxc3 Qc7 16. Qd3 Bd5 17. Bc2 Nf8 18. Qg3 Nh5 19. Qh4 f6 20. Qxh5 fxg5 21.
Re3 Qe7 22. Rg3 Rac8 23. a3 Rc7 24. Rf1 Rec8 25. f4 Rxc3 26. Bd3 Rc1 27. fxg5
Rxf1+ 28. Bxf1 Rc1 29. Rg4 Bc4 30. Rf4 Bxf1 31. Rxf1 Rxf1+ 32. Kxf1 Qxa3 33.
Qf7+ Kh8 34. h4 Qc1+ 35. Kf2 Qd2+ 36. Kg3 Qe1+ 37. Kg4 Qe4+ 38. Kg3 Qe3+ 39.
Kh2 Qa3 40. h5 Qd6 41. h6 1-0

[Event "III Festival A"]
[Site "San Martino di Castrozza - Siror ITA"]
[Date "2002.07.01"]
[Round "1"]
[White "Dal Zovo, Claudio"]
[Black "Vita, Fabrizio"]
[Result "1/2-1/2"]
[WhiteElo "1732"]
[BlackElo "2069"]
[PlyCount "80"]
[EventDate "2002.07.01"]

1. d4 Nf6 2. Nf3 g6 3. Nc3 d5 4. Bf4 Bg7 5. e3 O-O 6. h3 c5 7. Be2 Nc6 8. O-O
b6 9. Re1 Bb7 10. Qd2 Ne4 11. Qd1 Rc8 12. Rb1 cxd4 13. exd4 Nb4 14. Bd2 Nc6 15.
Bf4 Nxc3 16. bxc3 Na5 17. Qc1 Nc4 18. Bh6 Re8 19. Bxg7 Kxg7 20. Qf4 Qd6 21. Qh4
Qf6 22. Qg3 Nd6 23. Bd3 Rxc3 24. Re3 Rec8 25. Rbe1 Ne4 26. Qe5 Qxe5 27. Nxe5 e6
28. Rf3 f6 29. Ng4 h5 30. Nxf6 Nxf6 31. Rxe6 Rf8 32. Rg3 Rxd3 33. Rxd3 Ne4 34.
f3 Nf6 35. Rde3 Rf7 36. Re7 Ba6 37. Rxf7+ Kxf7 38. Ra3 Bc4 39. Rxa7+ Ke6 40. a4
Nd7 1/2-1/2

[Event "III Festival A"]
[Site "San Martino di Castrozza - Siror ITA"]
[Date "2002.07.01"]
[Round "1"]
[White "Dallaglio, Giovanni"]
[Black "Weinberg, Emanuele"]
[Result "0-1"]
[WhiteElo "2051"]
[BlackElo "1725"]
[PlyCount "90"]
[EventDate "2002.07.01"]

1. d4 Nf6 2. c4 e6 3. Nf3 c5 4. e3 cxd4 5. exd4 Bb4+ 6. Bd2 Qe7 7. Bd3 b6 8.
O-O Bxd2 9. Nbxd2 Bb7 10. Re1 d5 11. Ne5 O-O 12. Ndf3 Nc6 13. Nxc6 Bxc6 14. Ne5
Bb7 15. Qd2 dxc4 16. Bxc4 Nd5 17. a3 Rac8 18. Ba2 Rc7 19. Rad1 Rfc8 20. Bb1 Ba6
21. g3 Qd6 22. Re4 Nf6 23. Rh4 Qd5 24. Ng4 Nxg4 25. Bxh7+ Kf8 26. Rxg4 Qh5 27.
Rh4 Qxd1+ 28. Qxd1 Rc1 29. Qxc1 Rxc1+ 30. Kg2 g6 31. Kf3 Rc2 32. Ke4 Rxf2 33.
d5 exd5+ 34. Kxd5 Rxb2 35. Kc6 Kg7 36. Kc7 Rc2+ 37. Kd6 Rc4 38. g4 Re4 39. Kc7
Be2 40. h3 Re3 41. g5 Rc3+ 42. Kb7 Rc4 43. Rh6 b5 44. Kxa7 b4 45. h4 Bh5 0-1

[Event "III Festival A"]
[Site "San Martino di Castrozza - Siror ITA"]
[Date "2002.07.01"]
[Round "1"]
[White "Guglielmone, Luciano"]
[Black "Lotti, Fabio"]
[Result "0-1"]
[WhiteElo "1720"]
[BlackElo "2045"]
[PlyCount "78"]
[EventDate "2002.07.01"]

1. e4 d5 2. e5 Bf5 3. d4 e6 4. Nf3 c5 5. c3 Nc6 6. Be2 Qb6 7. O-O a6 8. dxc5
Bxc5 9. a4 Bg4 10. b4 Be7 11. a5 Qc7 12. Bf4 Bxf3 13. Bxf3 Nxe5 14. Re1 Nxf3+
15. Qxf3 Bd6 16. Bxd6 Qxd6 17. Qg4 g6 18. Qd4 f6 19. c4 Kf7 20. Nc3 Qxb4 21.
Rab1 Qxc4 22. Rxb7+ Ne7 23. Qxc4 dxc4 24. Rb6 e5 25. Rb7 Rhd8 26. Rc7 Rac8 27.
Ra7 Rc6 28. f4 Ke6 29. fxe5 fxe5 30. Rb7 Rd3 31. Rc1 Nd5 32. Nxd5 Kxd5 33. Rxh7
c3 34. Kf2 Rd2+ 35. Kf3 e4+ 36. Kg3 Kc4 37. Re7 Kd3 38. h4 c2 39. Rf7 Rd1 0-1

[Event "III Festival A"]
[Site "San Martino di Castrozza - Siror ITA"]
[Date "2002.07.01"]
[Round "1"]
[White "Guyer, Patrick"]
[Black "D'Ettorre, Ireneo"]
[Result "1-0"]
[WhiteElo "2122"]
[BlackElo "1747"]
[PlyCount "63"]
[EventDate "2002.07.01"]

1. e4 Nf6 2. d3 d5 3. e5 Nfd7 4. f4 e6 5. Nf3 c5 6. g3 Nc6 7. c3 Be7 8. Bg2 O-O
9. O-O Qc7 10. Qe2 b6 11. Nbd2 Bb7 12. b3 a5 13. a4 Rac8 14. c4 Nb4 15. Ba3 Na6
16. Rae1 Rce8 17. g4 Bd8 18. h4 Nb4 19. Bxb4 cxb4 20. Rc1 Qc5+ 21. d4 Qe7 22.
Qd3 f5 23. gxf5 Rxf5 24. Bh3 Rh5 25. Ng5 Nf8 26. f5 Rxg5+ 27. hxg5 Qxg5+ 28.
Kh2 exf5 29. Qxf5 Qxd2+ 30. Rf2 Bg5 31. Rcf1 Ng6 32. Qf7+ 1-0

[Event "III Festival A"]
[Site "San Martino di Castrozza - Siror ITA"]
[Date "2002.07.01"]
[Round "1"]
[White "Morselli, Stefano"]
[Black "Zichichi, Alvise"]
[Result "0-1"]
[WhiteElo "1798"]
[BlackElo "2312"]
[PlyCount "58"]
[EventDate "2002.07.01"]

1. Nf3 d5 2. c4 c6 3. b3 Bf5 4. Bb2 e6 5. g3 h6 6. Bg2 Nd7 7. O-O Ngf6 8. d3
Be7 9. Nbd2 O-O 10. Re1 Bh7 11. Rc1 a5 12. a3 Qb6 13. cxd5 cxd5 14. e4 Rfc8 15.
exd5 Rxc1 16. Qxc1 Nxd5 17. Nc4 Qd8 18. d4 b5 19. Nce5 Rc8 20. Nc6 Qb6 21. Nfe5
Nxe5 22. Bxd5 Rxc6 23. Bxc6 Nd3 24. Qc3 b4 25. axb4 Bxb4 26. Rxe6 fxe6 27. Qc4
Bf5 28. d5 Qxf2+ 29. Kh1 Qf1# 0-1

[Event "III Festival A"]
[Site "San Martino di Castrozza - Siror ITA"]
[Date "2002.07.01"]
[Round "1"]
[White "Naumkin, Igor"]
[Black "Cavatorta, Fosco"]
[Result "1-0"]
[WhiteElo "2436"]
[BlackElo "1812"]
[PlyCount "65"]
[EventDate "2002.07.01"]

1. d4 e6 2. c4 b6 3. d5 Bb7 4. a3 Nf6 5. Nc3 Bc5 6. Nf3 h6 7. Bf4 a5 8. e3 Na6
9. Be2 O-O 10. O-O Re8 11. h3 Bf8 12. Be5 Nc5 13. Rc1 Nce4 14. Nxe4 Nxe4 15.
Bd3 Nc5 16. Bb1 exd5 17. cxd5 d6 18. Bc3 Ne4 19. b3 Nxc3 20. Rxc3 g6 21. Qd2
Bg7 22. Rc2 Rc8 23. Rfc1 Qd7 24. b4 axb4 25. axb4 Re7 26. Qd3 Qe8 27. h4 f5 28.
h5 Kh8 29. Nh4 gxh5 30. Qxf5 Kg8 31. Rc4 Qf7 32. Qh7+ Kf8 33. Rf4 1-0

[Event "III Festival A"]
[Site "San Martino di Castrozza - Siror ITA"]
[Date "2002.07.01"]
[Round "1"]
[White "Pagano, Sergio"]
[Black "Kasparov, Sergey"]
[Result "0-1"]
[WhiteElo "1851"]
[BlackElo "2462"]
[PlyCount "60"]
[EventDate "2002.07.01"]

1. d4 Nf6 2. c4 c5 3. Nf3 cxd4 4. Nxd4 b6 5. Nc3 Bb7 6. Qb3 e6 7. Bg5 Nc6 8.
Nxc6 Bxc6 9. e4 h6 10. Bxf6 Qxf6 11. Be2 Bc5 12. Bf3 O-O 13. Rd1 Bd4 14. Rd3
Rfb8 15. Qd1 Be5 16. O-O a6 17. Qd2 b5 18. b3 bxc4 19. bxc4 Rb4 20. Nd5 exd5
21. exd5 Rb2 22. Qa5 Bb7 23. Rb3 Rxb3 24. axb3 Qf4 25. Re1 Qxh2+ 26. Kf1 Bc7
27. Qb4 Qh1+ 28. Ke2 Re8+ 29. Kd3 Qxe1 30. Qxb7 Ba5 0-1

[Event "III Festival A"]
[Site "San Martino di Castrozza - Siror ITA"]
[Date "2002.07.01"]
[Round "1"]
[White "Pinotti, Claudio"]
[Black "Drasko, Milan"]
[Result "0-1"]
[WhiteElo "2073"]
[BlackElo "2502"]
[PlyCount "72"]
[EventDate "2002.07.01"]

1. e4 e6 2. d4 d5 3. Nd2 Be7 4. Bd3 c5 5. exd5 Qxd5 6. Ngf3 cxd4 7. O-O Nf6 8.
Nb3 e5 9. Qe2 Nc6 10. Bc4 Qd6 11. h3 O-O 12. Re1 e4 13. Ng5 Bf5 14. f3 e3 15.
c3 Nd5 16. Ne4 Bxe4 17. fxe4 Nf4 18. Qf3 Bh4 19. Rf1 Bf2+ 20. Rxf2 exf2+ 21.
Qxf2 Ne6 22. cxd4 Ncxd4 23. Be3 Rac8 24. Nxd4 Rxc4 25. Nb5 Qe5 26. Nc3 b5 27.
Rd1 g6 28. Rd5 Qb8 29. e5 b4 30. Ne2 Rc2 31. Qf3 Rxb2 32. Nd4 Rb1+ 33. Kh2 Nxd4
34. Bxd4 b3 35. a3 b2 36. Qe2 Rh1+ 0-1

[Event "III Festival A"]
[Site "San Martino di Castrozza - Siror ITA"]
[Date "2002.07.01"]
[Round "1"]
[White "Rotstein, Arkadij"]
[Black "Mayer, Frank"]
[Result "1-0"]
[WhiteElo "2557"]
[BlackElo "2288"]
[PlyCount "75"]
[EventDate "2002.07.01"]

1. e4 e6 2. d4 d5 3. Nc3 Bb4 4. e5 c5 5. a3 Bxc3+ 6. bxc3 Ne7 7. Qg4 O-O 8. Bd3
Qa5 9. Bd2 Nbc6 10. Nf3 f5 11. exf6 Rxf6 12. Qh5 Nf5 13. O-O c4 14. Bxf5 Rxf5
15. Qh4 Bd7 16. Rfe1 Raf8 17. Rab1 b6 18. Ng5 h6 19. Nxe6 R8f6 20. Nc7 Qxa3 21.
f3 Qf8 22. Re2 Rg6 23. Rbe1 Rxf3 24. Qh5 Qf5 25. Qxf5 Rxf5 26. h3 Kf7 27. Kh2
h5 28. Bc1 h4 29. Ba3 Rg3 30. Bd6 Rxc3 31. Nb5 Rf6 32. Nxc3 Rxd6 33. Nb5 Rf6
34. Nxa7 Nxd4 35. Re7+ Kg6 36. Rxd7 Nxc2 37. Ree7 d4 38. Rxg7+ 1-0

[Event "III Festival A"]
[Site "San Martino di Castrozza - Siror ITA"]
[Date "2002.07.01"]
[Round "1"]
[White "Ruzzier, Dario"]
[Black "Fragni, Enrico"]
[Result "1-0"]
[WhiteElo "2012"]
[BlackElo "1711"]
[PlyCount "101"]
[EventDate "2002.07.01"]

1. d4 Nf6 2. c4 e6 3. Nc3 Bb4 4. e3 c5 5. Bd3 Nc6 6. Nf3 d5 7. O-O O-O 8. a3
Bxc3 9. bxc3 Re8 10. Nd2 e5 11. cxd5 Qxd5 12. c4 Qd6 13. d5 Ne7 14. Bb2 Ng6 15.
f3 Bd7 16. a4 a5 17. Ba3 b6 18. Qb3 Rab8 19. Qc2 Rb7 20. Nb1 Qb8 21. Nc3 Bc8
22. Rab1 Bd7 23. Rb3 Qc7 24. Rfb1 Reb8 25. Nb5 Bxb5 26. Rxb5 Ne8 27. R5b3 Nd6
28. Bb2 Re8 29. Bc3 Re7 30. Qb2 f5 31. Rxb6 Rxb6 32. Qxb6 e4 33. Qxc7 Rxc7 34.
fxe4 fxe4 35. Be2 Ra7 36. Rb6 Nb7 37. Bg4 Kf7 38. Be6+ Ke7 39. Rc6 Nf8 40. Bxg7
Nxe6 41. Rxe6+ Kf7 42. Bc3 Ra8 43. Rxe4 Nd6 44. Rf4+ Ke7 45. Kf2 Ra6 46. Ke2
Nf7 47. Rg4 Nd6 48. Rg7+ Kf8 49. Kd3 h5 50. Rg6 Ke7 51. Be5 1-0

[Event "III Festival A"]
[Site "San Martino di Castrozza - Siror ITA"]
[Date "2002.07.01"]
[Round "1"]
[White "Schiappacasse, Marcello"]
[Black "Capata, Ion"]
[Result "0-1"]
[WhiteElo "1761"]
[BlackElo "2150"]
[PlyCount "74"]
[EventDate "2002.07.01"]

1. e4 e5 2. Nc3 Nf6 3. f4 d6 4. Nf3 Qe7 5. fxe5 dxe5 6. Bc4 Qc5 7. d3 Bg4 8.
Qe2 Nc6 9. Be3 Qa5 10. O-O Bc5 11. Nd5 Nxd5 12. Bxd5 Nd8 13. Qf2 Bxe3 14. Qxe3
Bxf3 15. Rxf3 O-O 16. Raf1 c6 17. Bb3 Qc7 18. Qf2 a5 19. a3 b5 20. c3 Qe7 21.
Kh1 Ra7 22. Qg3 g6 23. Rf6 Kg7 24. h4 Rd7 25. R1f3 Rxd3 26. Rxd3 Qxf6 27. Rf3
Qe7 28. Rf5 f6 29. Rf3 Ne6 30. Qg4 Nc5 31. Bc2 Rd8 32. h5 Rd2 33. hxg6 hxg6 34.
Rg3 g5 35. Bb1 Qd7 36. Kh2 Qxg4 37. Rxg4 Rxb2 0-1

[Event "III Festival A"]
[Site "San Martino di Castrozza - Siror ITA"]
[Date "2002.07.01"]
[Round "1"]
[White "Voltolini, Giuseppe"]
[Black "Affinito, Pancrazio"]
[Result "1-0"]
[WhiteElo "2285"]
[BlackElo "1794"]
[PlyCount "89"]
[EventDate "2002.07.01"]

1. e4 c5 2. Nc3 Nc6 3. f4 e6 4. Nf3 d5 5. Bb5 Nf6 6. e5 Nd7 7. O-O g6 8. d3 Bg7
9. Bxc6 bxc6 10. Qe1 O-O 11. Kh1 Qe7 12. b3 f6 13. exf6 Bxf6 14. Bd2 Ba6 15.
Qe2 e5 16. fxe5 Nxe5 17. Rae1 Rae8 18. Nxe5 Qxe5 19. Qf2 Qf5 20. Qxf5 gxf5 21.
Rxf5 Rxe1+ 22. Bxe1 Bxc3 23. Rxf8+ Kxf8 24. Bxc3 c4 25. dxc4 dxc4 26. Bd4 cxb3
27. cxb3 Ke7 28. Bxa7 Kd6 29. b4 Bb5 30. Kg1 Kd5 31. Kf2 Kc4 32. Bc5 Kc3 33. g4
Kb2 34. h4 Kxa2 35. g5 Bc4 36. Ke3 Bf7 37. Kf4 Bh5 38. Kf5 Kb3 39. Kf6 Kc4 40.
Kg7 Bg6 41. h5 Bxh5 42. Kxh7 Bg4 43. g6 Bf5 44. Kh6 Be6 45. Kg7 1-0